| 000 | 00489nam a2200169 a 4500 | ||
|---|---|---|---|
| 001 | 1878 | ||
| 005 | 20140414131933.0 | ||
| 008 | 010727s19uu xx 00 eng d | ||
| 020 | _a0-307-15548-X | ||
| 050 |
_aREF 423.1 _bSca7 1966 |
||
| 100 | _aScarry, Richard | ||
| 245 |
_aRichard Scarry's storybook dictionary / _cwritten and illustrated by Richard Scarry. |
||
| 260 |
_a[s.l.] : _bGolden Book, _c1966. |
||
| 300 | _a125 p. : ill. ; cm. | ||
| 650 | _aDictionary. | ||
| 999 |
_c112308 _d112308 |
||